LEADER 01353nam0 22002771i 450 001 UON00283447 005 20231205103847.725 100 $a20061108d1958 |0itac50 ba 101 $ager 102 $aDE 105 $a|||| 1|||| 200 1 $aGoethes Roman »die Wahlverwandtschaften«$eeine Analyse seiner künstlerischen Struktur, seiner historischen Bezogenheiten und seines Ideengehaltes$fHans Jürgen Geerdts 210 $aWeimar$cArion Verlag$d1958 215 $a222 p.$d24 cm. 410 1$1001UON00283125$12001 $aBeiträge zur deutschen Klassik$fhrsg. von den nationalen Forschungs- und Gedenkstätten der klassischen deutschen Literatur in Weimar$1210 $aWeimar$cArion Verlag$d19-$v6 606 $aGoethe Johann Wolfgang Von$3UONC061101$2FI 620 $aDE$dWeimar$3UONL000698 676 $a830.09$cLetteratura tedesca. Storia, descrizione, studi critici$v21 700 1$aGEERDTS$bHans Jürgen$3UONV112430$0458271 712 $aArion Verlag$3UONV272421$4650 801 $aIT$bSOL$c20250613$gRICA 899 $aSIBA - SISTEMA BIBLIOTECARIO DI ATENEO$2UONSI 912 $aUON00283447 950 $aSIBA - SISTEMA BIBLIOTECARIO DI ATENEO$dSI TED 22 II GOE GEE $eSI ST 3274 7 996 $aGoethes Roman »die Wahlverwandtschaften«$91244654 997 $aUNIOR